<?xml version="1.0" encoding="UTF-8"?>
<record
    xmlns:xsi="http://www.w3.org/2001/XMLSchema-instance"
    xsi:schemaLocation="http://www.loc.gov/MARC21/slim http://www.loc.gov/standards/marcxml/schema/MARC21slim.xsd"
    xmlns="http://www.loc.gov/MARC21/slim">

  <leader>01203nam a22002537a 4500</leader>
  <controlfield tag="005">20170124103133.0</controlfield>
  <datafield tag="010" ind1=" " ind2=" ">
    <subfield code="a">B-068020</subfield>
  </datafield>
  <datafield tag="020" ind1=" " ind2=" ">
    <subfield code="c">250.00</subfield>
    <subfield code="a">8185826250</subfield>
  </datafield>
  <datafield tag="035" ind1=" " ind2=" ">
    <subfield code="a">B-068020</subfield>
  </datafield>
  <datafield tag="037" ind1=" " ind2=" ">
    <subfield code="b">Cen Lib/Ret</subfield>
  </datafield>
  <datafield tag="040" ind1=" " ind2=" ">
    <subfield code="a">DPL</subfield>
    <subfield code="b">HN</subfield>
  </datafield>
  <datafield tag="082" ind1=" " ind2=" ">
    <subfield code="a">355.02</subfield>
    <subfield code="b">&#x92E;&#x93F;&#x936;&#x94D;&#x930;&#x938;&#x941; </subfield>
  </datafield>
  <datafield tag="100" ind1=" " ind2=" ">
    <subfield code="a">&#x92E;&#x93F;&#x936;&#x94D;&#x930;, &#x938;&#x941;&#x930;&#x947;&#x902;&#x926;&#x94D;&#x930; &#x915;&#x941;&#x92E;&#x93E;&#x930; </subfield>
    <subfield code="9">45280</subfield>
  </datafield>
  <datafield tag="245" ind1=" " ind2=" ">
    <subfield code="a">&#x938;&#x902;&#x938;&#x93E;&#x930; &#x915;&#x947; &#x92A;&#x94D;&#x930;&#x938;&#x93F;&#x926;&#x94D;&#x927; &#x92F;&#x941;&#x926;&#x94D;&#x927; /</subfield>
    <subfield code="c">&#x938;&#x941;&#x930;&#x947;&#x902;&#x926;&#x94D;&#x930; &#x915;&#x941;&#x92E;&#x93E;&#x930; &#x92E;&#x93F;&#x936;&#x94D;&#x930;</subfield>
  </datafield>
  <datafield tag="246" ind1=" " ind2=" ">
    <subfield code="a">Sansar ke prasidh yudh /</subfield>
    <subfield code="b">by Surendra Kumar Mishra </subfield>
  </datafield>
  <datafield tag="260" ind1=" " ind2=" ">
    <subfield code="b">&#x917;&#x94D;&#x930;&#x902;&#x925; &#x905;&#x915;&#x93E;&#x926;&#x92E;&#x940; </subfield>
    <subfield code="a">&#x928;&#x908; &#x926;&#x93F;&#x932;&#x94D;&#x932;&#x940;  </subfield>
    <subfield code="c">2002</subfield>
  </datafield>
  <datafield tag="270" ind1=" " ind2=" ">
    <subfield code="a">1659, &#x92A;&#x941;&#x930;&#x93E;&#x928;&#x93E; &#x926;&#x930;&#x93F;&#x92F;&#x93E;&#x917;&#x902;&#x91C; </subfield>
    <subfield code="b">&#x928;&#x908; &#x926;&#x93F;&#x932;&#x94D;&#x932;&#x940;  </subfield>
    <subfield code="e">110002</subfield>
  </datafield>
  <datafield tag="300" ind1=" " ind2=" ">
    <subfield code="a">286&#x92A;&#x943;. :</subfield>
    <subfield code="c">20&#x938;&#x947;&#x92E;&#x940;(&#x938;&#x91C;&#x93F;&#x932;&#x94D;&#x926;)</subfield>
    <subfield code="b">&#x938;&#x91A;&#x93F;&#x924;&#x94D;&#x930; </subfield>
  </datafield>
  <datafield tag="650" ind1=" " ind2=" ">
    <subfield code="a">&#x92A;&#x94D;&#x932;&#x93E;&#x938;&#x940; &#x915;&#x93E; &#x92F;&#x941;&#x926;&#x94D;&#x927; -- 1757&#x908;.</subfield>
    <subfield code="9">84651</subfield>
  </datafield>
  <datafield tag="650" ind1=" " ind2=" ">
    <subfield code="a">&#x92A;&#x94D;&#x930;&#x925;&#x92E; &#x92E;&#x939;&#x93E;&#x92F;&#x941;&#x926;&#x94D;&#x927; -- 1914 &#x938;&#x947; 1918&#x908;. &#x924;&#x915; </subfield>
    <subfield code="9">84652</subfield>
  </datafield>
  <datafield tag="650" ind1=" " ind2=" ">
    <subfield code="a">Battle of Plassey - 1757 AD.</subfield>
    <subfield code="9">84653</subfield>
  </datafield>
  <datafield tag="650" ind1=" " ind2=" ">
    <subfield code="a">First World War - from 1914 to 1918 AD. </subfield>
    <subfield code="9">84654</subfield>
  </datafield>
  <datafield tag="942" ind1=" " ind2=" ">
    <subfield code="2">ddc</subfield>
    <subfield code="c">HN</subfield>
    <subfield code="h">355.02</subfield>
    <subfield code="m">&#x92E;&#x93F;&#x936;&#x94D;&#x930;&#x938;&#x941; </subfield>
  </datafield>
  <datafield tag="999" ind1=" " ind2=" ">
    <subfield code="c">119389</subfield>
    <subfield code="d">119389</subfield>
  </datafield>
  <datafield tag="952" ind1=" " ind2=" ">
    <subfield code="0">0</subfield>
    <subfield code="1">0</subfield>
    <subfield code="4">0</subfield>
    <subfield code="7">0</subfield>
    <subfield code="a">L</subfield>
    <subfield code="b">L</subfield>
    <subfield code="d">2015-09-16</subfield>
    <subfield code="e">Cen Lib/Ret</subfield>
    <subfield code="g">250.00</subfield>
    <subfield code="l">0</subfield>
    <subfield code="o">355.02 &#x92E;&#x93F;&#x936;&#x94D;&#x930;&#x938;&#x941;</subfield>
    <subfield code="p">B-068020</subfield>
    <subfield code="r">2015-09-16 00:00:00</subfield>
    <subfield code="t">1</subfield>
    <subfield code="v">250.00</subfield>
    <subfield code="w">2015-09-16</subfield>
    <subfield code="y">HN</subfield>
  </datafield>
</record>
